Kraje najbliższe Indiom - Statystyki

Ogólne statystyki
  • Ten quiz został rozwiązany 259 razy
  • Średni wynik to 15 z 20
Statystyki odpowiedzi
km kraj % Poprawnych
0 Chiny
98%
0 Pakistan
92%
1 Sri Lanka
88%
0 Nepal
86%
0 Bangladesz
83%
277 Tadżykistan
80%
0 Bhutan
78%
486 Tajlandia
77%
717 Laos
75%
211 Afganistan
74%
613 Iran
74%
525 Kirgistan
73%
617 Uzbekistan
71%
721 Wietnam
71%
733 Turkmenistan
70%
172 Indonezja
64%
808 Kazachstan
59%
632 Malezja
59%
130 Malediwy
56%
0 Myanma
49%
Nie znaleziono quizów pasujących do podanych kryteriów
Rozkład punktacji
Procent ludzi z każdym wynikiem
Percentyl według liczby udzielonych odpowiedzi
Twoja historia wyników
Nie rozwiązałeś tego quizu